Třetí pilíř zahraniční politiky? západoněmecká zahraniční kulturní politika v šedesátých a sedmdesátých letech 20. století
Saved in:
| Main Author: | |
|---|---|
| Format: | Book |
| Language: | Czech |
| Published: |
Praha
Academia
2018
|
| Edition: | 1. vydání |
| Series: | Historie
|
| Subjects: | |
| Tags: |
No Tags, Be the first to tag this record!
|
MARC
| LEADER | 00000nam a2200000 4500 | ||
|---|---|---|---|
| 001 | 0240168 | ||
| 005 | 20240221113254.8 | ||
| 020 | |a 978-80-200-2797-9 | ||
| 041 | 0 | |a cze | |
| 044 | |a CZ | ||
| 245 | 1 | 0 | |a Třetí pilíř zahraniční politiky? |b západoněmecká zahraniční kulturní politika v šedesátých a sedmdesátých letech 20. století |c Petra Baštová |
| 250 | |a 1. vydání | ||
| 264 | 1 | |a Praha |b Academia |c 2018 | |
| 300 | |a 453 s. | ||
| 490 | 1 | |a Historie | |
| 830 | 0 | |a Historie | |
| 610 | 2 | 0 | |a politika zahraničná |
| 610 | 2 | 0 | |a politika kultúrna |
| 610 | 2 | 0 | |a vývoj |
| 610 | 2 | 0 | |a história |
| 610 | 2 | 0 | |a vzťahy zahraničné |
| 610 | 2 | 0 | |a politika vnútorná |
| 610 | 2 | 0 | |a ministerstvá |
| 610 | 2 | 0 | |a parlamenty |
| 610 | 2 | 0 | |a strany politické |
| 610 | 2 | 0 | |a reformy |
| 610 | 2 | 0 | |a porovnanie medzinárodné |
| 610 | 2 | 0 | |a partnerstvo strategické |
| 610 | 2 | 0 | |a západné Nemecko |
| 100 | 1 | |a Baštová, Petra | |